| 000 | 01568nam0a22002891 4500 | ||
|---|---|---|---|
| 001 | rc\3788651 | ||
| 005 | 20120311163450.6 | ||
| 021 |
_aRU _b[76-5518] |
||
| 035 | _a(NLR Aleph) 007251125 | ||
| 090 |
_a5206426 _c5206426 |
||
| 100 | _a20120311d1975 |||y0rusy50 ca | ||
| 101 | 0 | _arus | |
| 102 | _aRU | ||
| 105 | _aa z ||||| | ||
| 200 | 1 |
_aСовременные судовые автоматизированные парогенераторные установки _e[Сборник] _eДля слушателей фак. повышения квалификации руководящих работников ММФ _fПод ред. д-ра техн. наук, проф. В.И. Енина _gЛенингр. высш. инж. морское училище им. С.О. Макарова |
|
| 210 |
_aМосква _cРекламинформбюро ММФ _d1975 |
||
| 215 |
_a74 с. _cил. _d21 |
||
| 225 | 1 | _aЦикл лекций по системам технического обслуживания и эксплуатации надежности судов и судового оборудования | |
| 320 | _aБиблиогр. в конце статей | ||
| 606 |
_aСудовые котлы _2psbo |
||
| 702 | 1 |
_aЕнин _bВ. И. _gВладимир Иосифович _4340 |
|
| 712 | 0 | 2 |
_aЛенинградское высшее инженерное морское училище им. С. О. Макарова _3RU\NLR\AUTH\8811446 |
| 801 | 0 |
_aRU _bNLR _gpsbo |
|
| 801 | 1 |
_aRU _bELAR _2rusmarc |
|
| 852 |
_aNLR _j76-6/3357 |
||
| 942 | _cBOOK | ||
| 980 | _aNB | ||